Statistics for FIFA World Cup Golden Ball Winners

Click here to take the quiz!

General Stats

  • This quiz has been taken 88 times
    (70 since last reset)
  • The average score is 22 of 36

Answer Stats

HintAnswer% Correct
2022GoldLionel MessiArgentina
97%
2014GoldLionel MessiArgentina
97%
1998GoldRonaldoBrazil
97%
2002SilverRonaldoBrazil
97%
2022SilverKylian MbappeFrance
93%
2022BronzeLuka ModricCroatia
91%
2018GoldLuka ModrićCroatia
91%
2006GoldZinedine ZidaneFrance
91%
1986GoldDiego MaradonaItaly
86%
1990BronzeDiego MaradonaArgentina
86%
2018SilverEden HazardBelgium
83%
2010GoldDiego ForlánUruguay
81%
2014SilverThomas MüllerGermany
78%
2018BronzeAntoine GriezmannFrance
76%
2002GoldOliver KahnGermany
76%
2014BronzeArjen RobbenNetherlands
74%
2010BronzeDavid VillaSpain
74%
2006SilverFabio CannavaroItaly
62%
2010SilverWesley SneijderNetherlands
62%
1982GoldPaolo RossiItaly
60%
1978SilverPaolo RossiItaly
60%
1994SilverRoberto BaggioItaly
57%
1994GoldRomárioBrazil
57%
2006BronzeAndrea PirloItaly
55%
1998SilverDavor ŠukerCroatia
55%
1978GoldMario KempesArgentina
55%
1994BronzeHristo StoichkovBulgaria
53%
1990SilverLothar MatthäusWest Germany
50%
1998BronzeLilian ThuramFrance
38%
1982BronzeKarl-Heinz RummeniggeWest Germany
29%
1990GoldSalvatore SchillaciItaly
28%
1982SilverFalcãoBrazil
17%
1986SilverHarald SchumacherWest Germany
12%
1986BronzePreben ElkjærDenmark
9%
2002BronzeHong Myung-boSouth Korea
7%
1978BronzeDirceuBrazil
5%

Score Distribution

Percentile by Number Answered

Percent of People with Each Score

Your Score History

You have not taken this quiz since the last reset